Practical studies in Revelation / (Record no. 4368)

MARC details
000 -LEADER
fixed length control field 00711cam a2200229Ia 4500
001 - CONTROL NUMBER
control field 43250
003 - CONTROL NUMBER IDENTIFIER
control field GBCCL
005 - DATE AND TIME OF LATEST TRANSACTION
control field 20241126110517.0
008 - FIXED-LENGTH DATA ELEMENTS--GENERAL INFORMATION
fixed length control field 740117s1969 nbuc 00010 eng d
035 ## - SYSTEM CONTROL NUMBER
System control number OCM00777959
040 ## - CATALOGING SOURCE
Original cataloging agency BSC
Transcribing agency BSC
Modifying agency LBB
049 ## -
-- LBBK
-- 1-2
-- 1-2
-- LBBA
-- 1
-- LBBC
-- 1
082 ## - DEWEY DECIMAL CLASSIFICATION NUMBER
Classification number 228.007
Item number EPP
092 ## - LOCALLY ASSIGNED DEWEY CALL NUMBER (OCLC)
Classification number 228.07
Item number E63
100 1# - MAIN ENTRY--PERSONAL NAME
Personal name Epp, Theodore H.,
Dates associated with a name 1907-
9 (RLIN) 405
245 10 - TITLE STATEMENT
Title Practical studies in Revelation /
Statement of responsibility, etc. by Theodore H. Epp.
260 ## - PUBLICATION, DISTRIBUTION, ETC.
Place of publication, distribution, etc. Lincoln, Neb. :
Name of publisher, distributor, etc. Back to the Bible Broadcast,
Date of publication, distribution, etc. c1969.
300 ## - PHYSICAL DESCRIPTION
Extent 2 v. :
Other physical details port. ;
Dimensions 22 cm.
500 ## - GENERAL NOTE
General note Subtitle of vol. 1: Christ and the church.
630 00 - SUBJECT ADDED ENTRY--UNIFORM TITLE
Uniform title Bible.
Name of part/section of a work N.T.
-- Revelation
General subdivision Commentaries.
9 (RLIN) 8161
942 ## - ADDED ENTRY ELEMENTS (KOHA)
Source of classification or shelving scheme Dewey Decimal Classification
Koha item type Books
Koha issues (borrowed), all copies 20
Holdings
Withdrawn status Lost status Source of classification or shelving scheme Damaged status Not for loan Home library Current Library Shelving location Date acquired Total checkouts Total renewals Full call number Barcode Date last seen Date last checked out Copy number Price effective from Koha item type
    Dewey Decimal Classification     GRACE BIBLE COLLEGE GRACE BIBLE COLLEGE Biblical Studies 2018-01-19 7 2 228.007 EPP 000396 2026-02-16 2026-02-09 v.1 2018-01-19 Books
    Dewey Decimal Classification     GRACE BIBLE COLLEGE GRACE BIBLE COLLEGE Biblical Studies 2018-01-19 4 1 228.007 EPP 000397 2025-05-01 2019-11-19 v.2 c.1 2018-01-19 Books
    Dewey Decimal Classification     GRACE BIBLE COLLEGE GRACE BIBLE COLLEGE Biblical Studies 2018-01-19 13   228.007 EPP 000410 2025-11-24 2025-11-24 v.2 c.2 2018-01-19 Books
© Grace Bible College Library 2025